00342nam a2200133Ia 4500008004100000020001500041041001200056100001700068245006500085260002800150300000800178650001000186700001200196221030s9999 xx 000 0 und d a8185749396 aEnglish aV. S. Murthy 0aQuestion Bank in Civil Engineeringcby V. S. Murthy, R. Sood bKatsonaNew Delhic2017 a778 aCivil aR. Sood